Reference and information services : An introduction
Guardado en:
| Formato: | Libro |
|---|---|
| Lenguaje: | Undetermined |
| Publicado: |
Englewood, Colorado
Libraries Unlimited, Inc
1991
|
| Materias: | |
| Etiquetas: |
Agregar Etiqueta
Sin Etiquetas, Sea el primero en etiquetar este registro!
|
| Thư viện lưu trữ: | Trung tâm Học liệu Trường Đại học Cần Thơ |
|---|
| LEADER | 00540nam a2200169Ia 4500 | ||
|---|---|---|---|
| 001 | CTU_52743 | ||
| 008 | 210402s9999 xx 000 0 und d | ||
| 082 | |a 025.52 | ||
| 082 | |b R333 | ||
| 245 | 0 | |a Reference and information services : | |
| 245 | 3 | |b An introduction | |
| 245 | 0 | |c Edited by Richard E. Bopp and Linda C. Smith | |
| 260 | |a Englewood, Colorado | ||
| 260 | |b Libraries Unlimited, Inc | ||
| 260 | |c 1991 | ||
| 650 | |a Reference services (libraries),Information services | ||
| 980 | |a Trung tâm Học liệu Trường Đại học Cần Thơ | ||